000 00520cam a2200205ua 4500
001 6116
005 20260515114002.0
008 131119n ii |||gr||||Z||||||eng
020 _a81-87504-02-1
040 _cMAIN
082 _a657.42
245 _aCost Accounting :
_bMethods And Problems /
_cBy B.K. Bhar .
250 _a13th ed.
260 _aCalcutta:
_bAcademic Publishers,
_c1999.
300 _axix,23.10.
653 _aCommerce
653 _aCost Accounting
700 _aBhar,B.K.,
_eAuthor.
942 _cBK
999 _c5263
_d5263